| 000 | 00705nam a2200229Ia 4500 | ||
|---|---|---|---|
| 003 | GCL | ||
| 008 | 140319s9999 xx 000 0 ara d | ||
| 020 | _a3091215977 | ||
| 040 |
_aGCL / _cGCL |
||
| 082 | 0 | 4 |
_a301.2 _bم ع |
| 100 | 1 | _aمحمد ابوزيد | |
| 245 | 1 | 0 |
_aعلم الاجتماع القانونى الاسس والاتجاهات / _cمحمد ابوزيد |
| 250 | _aالثانية | ||
| 260 |
_aالقاهرة : _bمكتبة غريب ، _c1992 |
||
| 300 |
_a254 ص ؛ _c24 سم |
||
| 490 | _a | ||
| 650 | 0 | 4 | _aالقانون |
| 650 | 0 | 4 | _aالتغير الاجتماعى |
| 650 | 0 | 4 | _aالاجتماع، علم |
| 650 | 0 | 4 | _aالاجتماع التطبيقى |
| 942 |
_2ddc _cBK |
||
| 999 |
_c41028 _d41028 |
||